A mesterséges intelligencia felhasználása múzeumokban
| Szerző: | |
|---|---|
| További közreműködők: | |
| Dokumentumtípus: | Diplomadolgozat |
| Kulcsszavak: | kulturális örökség mesterséges intelligencia múzeumok technológiai fejlődés virtuális tér |
| Online Access: | http://dolgozattar.uni-bge.hu/59495 |
MARC
| LEADER | 00000nta a2200000 i 4500 | ||
|---|---|---|---|
| 001 | dolg59495 | ||
| 005 | 20260409145137.0 | ||
| 008 | 260409suuuu hu om 000 hun d | ||
| 040 | |a BGE Dolgozattár Repozitórium |b hun | ||
| 041 | |a hu | ||
| 100 | 1 | |a Rorárius Viktória Karina | |
| 245 | 1 | 2 | |a A mesterséges intelligencia felhasználása múzeumokban |c Rorárius Viktória Karina |h [elektronikus dokumentum] |
| 520 | 3 | |a A mesterséges intelligencia régóta a fejlődés útján tart. Tudjuk, hogy egyre nagyobb hatással van világszerte, és mára már mindennapjaink részévé vált. Hogyan tartanak lépést ezzel a technológiai fejlődéssel például az élet kulturális területein? Milyen módon van szerepe a kulturális örökségek megőrzésében, továbbadásában, és a látogatói élmény növelésében a digitalizációnak és a mesterséges intelligenciának? Milyen más felhasználási módja lehet a múzeumok, galériák működésében? Jelen kutatás bemutatja a múzeumok számára feltárulkozó, a mesterséges intelligenciát használó, technológiai innovációkat, és az MI (mesterséges intelligencia) alkalmazási területeit. Valamint hogy hogyan van jelen a jövő, a múlt megőrzésében és továbbadásában. Ez a kutatás megvizsgálja, hogy milyen módjai vannak a mesterséges intelligencia felhasználásának a múzeumok, kiállítások számára, valamint különös figyelmet fordít a budapesti múzeumok mesterséges intelligenciával való kapcsolatára, és jelenlegi helyzetükre. | |
| 695 | |a kulturális örökség | ||
| 695 | |a mesterséges intelligencia | ||
| 695 | |a múzeumok | ||
| 695 | |a technológiai fejlődés | ||
| 695 | |a virtuális tér | ||
| 700 | 1 | |a Takács Dr. Edit |e ths | |
| 856 | 4 | 0 | |u http://dolgozattar.uni-bge.hu/59495/1/Ror%C3%A1rius%20Vikt%C3%B3ria%20-%20szakdolgozat%20-%20mesters%C3%A9ges%20int.%20muzeumok%20-%202025%20-%20BGE.pdf |z Dokumentum-elérés |
| 856 | 4 | 0 | |u http://dolgozattar.uni-bge.hu/59495/2/Rora%CC%81rius%20Vikto%CC%81ria%20Katalin_ob.pdf |z Dokumentum-elérés |
| 856 | 4 | 0 | |u http://dolgozattar.uni-bge.hu/59495/3/Ror%C3%A1rius%20Vikt%C3%B3ria%20konzulens%20b%C3%ADr%C3%A1lat_Tak%C3%A1csEdit.pdf |z Dokumentum-elérés |